Државе са једном границом - Statistics

General Stats
  • This quiz has been taken 962 times
  • The average score is 13 of 17
Answer Stats
Гранична држава Држава % Correct
САД Канада
95%
Италија Ватикан
92%
Уједињено Краљевство Ирска
92%
Северна Кореја Јужна Кореја
90%
Шпанија Португал
90%
Италија Сан Марино
88%
Ирска Уједињено Краљевство
88%
Немачка Данска
80%
Француска Монако
76%
Саудијска Арабија Катар
73%
Хаити Доминиканска Република
65%
Јужноафричка Република Лесото
65%
Доминиканска Република Хаити
64%
Индонезија Источни Тимор
51%
Индонезија Папуа Нова Гвинеја
50%
Малезија Брунеј
49%
Сенегал Гамбија
44%
No matching quizzes found
Score Distribution
Percent of People with Each Score
Percentile by Number Answered
Your Score History
You have not taken this quiz